| 000 | 00717nam a2200241Ia 4500 | ||
|---|---|---|---|
| 008 | 180523s9999 xx 000 0 und d | ||
| 020 | _a981-4119-59-8 | ||
| 050 | _aMAIN Q 175.5 | ||
| 050 | _b.M34 1991 c.2 | ||
| 100 | _aMcGinn, Robert E. | ||
| 245 | 0 | _aScience, technology, and society / | |
| 245 | 0 | _cRobert E. McGinn. | |
| 260 | _aSingapore : | ||
| 260 | _bPearson Education South Asia, | ||
| 260 | _c1991 | ||
| 300 | _a302 pages : | ||
| 300 | _billustrations ; | ||
| 300 | _c21 cm. | ||
| 440 | _aPrentice-Hall foundations of modern sociology series | ||
| 500 | _aIncludes bibliographical references and index. | ||
| 650 | _aScience -- Social aspects. | ||
| 650 | _xTechnology -- Social aspects. | ||
| 999 |
_c357420 _d357420 |
||